Statistics for One Piece Quiz — #1

Click here to take the quiz!

General Stats

  • This quiz has been taken 52 times
  • The average score is 4 of 10

Answer Stats

QuestionAnswer% Correct
How many years passed between Brook's crew being wiped out and his joining the Straw Hat Pirates?50 Years
61%
After the timeskip, which Strawhat was the first to reach the Thousand Sunny?Franky
61%
How many warlords, former or current, has Luffy defeated by the Wano arc?4
56%
What Sea does Sanji originally come from?The North Blue
56%
How many times was Whitebeard shot with bullets during the Paramount War arc?152
34%
Which of Arlongs crew is in the Arlong Park arc the first to be defeated?Hatchan
32%
Which arc/saga contained the first instance of Haki?The East Blue saga
22%
How many times has Red Haired Shanks appeared in the manga as of in chapter 1,000?18
20%
How many different full-length swords (Katanas) has Zoro canonically wielded as of chapter 1,000?10
10%
Which is the correct ordering of the Straw Hats' bounties from highest to lowest as of the start of the Wano arc?Luffy, Jinbe, Usopp, Robin, Nami
10%

Score Distribution

Percentile by Number Answered

Percent of People with Each Score

Your Score History

You have not taken this quiz